000 00642cam a2200145 4500500
005 20260208020903.0
041 _afre
042 _adc
100 1 0 _aReid, Martine
_eauthor
245 0 0 _aPIERRE BRUNEL, GIOVANNI DOTOLI, ROBERT KOPP (dir.), Autour de Salah Stétié (en Sorbonne le 13 janvier 2000). Fasano-Paris, Schena-Didier Érudition, 2000. Un vol. de 60 p.
260 _c2003.
500 _a28
786 0 _nRevue d'histoire littéraire de la France | 103 | 1 | 2003-03-01 | p. 193za-239za | 0035-2411
856 4 1 _uhttps://shs.cairn.info/revue-d-histoire-litteraire-de-la-france-2003-1-page-193za?lang=fr&redirect-ssocas=7080
999 _c1661105
_d1661105